00406nam a2200157Ia 45000010006000000050017000060080041000230410008000640820017000721000021000892450081001102600009001913000034002006500006002346540008002402283420260414150857.0260414t2018||||xx |||||||||||||| ||spa|| aESP a624.151bJ49 aJia, Junbo eAUT 0aSoil dynamics and foundation modeling :boffshore and earthquake engineering c2018 axxii, 740 páginas :c24 cm. a0 aCIC